| 000 | 01125cam a22003374a 4500 | ||
|---|---|---|---|
| 001 | 3033 | ||
| 003 | FISKH | ||
| 005 | 20240524153738.0 | ||
| 008 | 041217s2005 nyua j 000 0 eng | ||
| 010 | _a 2004028984 | ||
| 020 | _a0670060070 | ||
| 020 | _a9780439864244 | ||
| 040 |
_aDLC _cDLC _dDLC _beng |
||
| 042 | _apcc | ||
| 050 | 0 | 0 |
_aPS509.M46 _bG89 2005 |
| 082 | 0 | 0 |
_a810.8/09286 _222 |
| 100 | _aScieszka, Jon | ||
| 245 | 0 | 0 |
_aGuys write for guys read / _cedited by Jon Scieszka. |
| 250 | _aFirst Scholastic printing, January 2006 | ||
| 260 |
_aNew York : _bScholastic , _c2005 |
||
| 300 |
_a268 pages : _billustrations ; _c20 cm |
||
| 505 | _aQ | ||
| 520 | _aThere's something for every guy in this collection of stories, mini-memoirs, advice, poems, comics and drawings chosen by readers on the Guys Read web site. | ||
| 521 | 8 |
_a920 _bLexile |
|
| 650 | 0 |
_aMen _vLiterary collections. |
|
| 650 | 0 |
_aAmerican literature _xMale authors. |
|
| 650 | 0 | _aChildren's literature, American. | |
| 700 | 1 |
_aScieszka, Jon. _eEditor |
|
| 906 |
_a7 _bcbc _corignew _d1 _eecip _f20 _gy-gencatlg |
||
| 942 |
_2ddc _cBK _n0 |
||
| 999 |
_c3033 _d3033 |
||